UBT Library

The power of real-time social media marketing : (Record no. 1145)

000 -LEADER
fixed length control field 00726nam a22002297a 4500
008 - FIXED-LENGTH DATA ELEMENTS--GENERAL INFORMATION
fixed length control field 150921b xxu||||| |||| 00| 0 eng d
020 ## - INTERNATIONAL STANDARD BOOK NUMBER
International Standard Book Number 9780071752633
041 0# - LANGUAGE CODE
Language code of text/sound track or separate title eng
080 ## - UNIVERSAL DECIMAL CLASSIFICATION NUMBER
Universal Decimal Classification number 658.8
100 1# - Rafti
Rafti Macy, Beverly.
245 14 - TITLE STATEMENT
Title The power of real-time social media marketing :
Statement of responsibility, etc by Beverly Macy, Teri Thompson.
260 ## -
-- New York :
-- McGraw-Hill,
-- 2011.
300 ## -
-- xxii, 244 f. :
-- me il.;
-- 24 cm.
500 ## -
-- Preface: f. XV-XVII
505 ## -
-- Index: f. 237-244
650 0# -
-- Marketing
650 0# -
-- Internet
650 0# -
-- Mediat
650 0# -
-- Sociale
700 1# -
-- Thompson, Teri.
942 ## - ADDED ENTRY ELEMENTS (KOHA)
Source of classification or shelving scheme
Item type Books
Holdings
Withdrawn status Lost status Source of classification or shelving scheme Damaged status Not for loan Collection code Permanent location Current location Shelving location Date acquired Total Checkouts Full call number Barcode Date last seen Price effective from Koha item type
          Koleksioni i përgjithshem UBT - Lipjan UBT - Lipjan Koleksioni i përgjithshem 09/21/2015   658.8 MAC 002-007605 09/21/2015 09/21/2015 Books
          Koleksioni i përgjithshem UBT - Lipjan UBT - Lipjan Koleksioni i përgjithshem 09/22/2015   658.8 MAC 002-007606 09/22/2015 09/22/2015 Books
          Koleksioni i përgjithshem UBT - Lipjan UBT - Lipjan Koleksioni i përgjithshem 09/22/2015   658.8 MAC 002-007607 09/22/2015 09/22/2015 Books
          Koleksioni i përgjithshem UBT - Lipjan UBT - Lipjan Koleksioni i përgjithshem 09/22/2015   658.8 MAC 002-007608 09/22/2015 09/22/2015 Books
          Koleksioni i përgjithshem UBT - Lipjan UBT - Lipjan Koleksioni i përgjithshem 09/22/2015   658.8 MAC 002-007609 09/22/2015 09/22/2015 Books
          Koleksioni i përgjithshem UBT - Lipjan UBT - Lipjan Koleksioni i përgjithshem 09/22/2015   658.8 MAC 002-007610 09/22/2015 09/22/2015 Books
          Koleksioni i përgjithshem UBT - Lipjan UBT - Lipjan Koleksioni i përgjithshem 09/22/2015   658.8 MAC 002-007611 09/22/2015 09/22/2015 Books
          Koleksioni i përgjithshem UBT - Lipjan UBT - Lipjan Koleksioni i përgjithshem 09/22/2015   658.8 MAC 002-007612 09/22/2015 09/22/2015 Books
          Koleksioni i përgjithshem UBT - Lipjan UBT - Lipjan Koleksioni i përgjithshem 09/22/2015   658.8 MAC 002-007613 09/22/2015 09/22/2015 Books
          Koleksioni i përgjithshem UBT - Lipjan UBT - Lipjan Koleksioni i përgjithshem 09/22/2015   658.8 MAC 002-007614 09/22/2015 09/22/2015 Books
          Koleksioni i përgjithshem UBT - Lipjan UBT - Lipjan Koleksioni i përgjithshem 09/22/2015   658.8 MAC 002-007615 09/22/2015 09/22/2015 Books
          Koleksioni i përgjithshem UBT - Lipjan UBT - Lipjan Koleksioni i përgjithshem 09/22/2015   658.8 MAC 002-007616 09/22/2015 09/22/2015 Books
          Koleksioni i përgjithshem UBT - Lipjan UBT - Lipjan Koleksioni i përgjithshem 09/22/2015   658.8 MAC 002-007617 09/22/2015 09/22/2015 Books
          Koleksioni i përgjithshem UBT - Lipjan UBT - Lipjan Koleksioni i përgjithshem 09/22/2015   658.8 MAC 002-007618 09/22/2015 09/22/2015 Books
          Koleksioni i përgjithshem UBT - Lipjan UBT - Lipjan Koleksioni i përgjithshem 09/22/2015   658.8 MAC 002-007619 09/22/2015 09/22/2015 Books
          Koleksioni i përgjithshem UBT - Lipjan UBT - Lipjan Koleksioni i përgjithshem 09/22/2015   658.8 MAC 002-007620 09/22/2015 09/22/2015 Books
          Koleksioni i përgjithshem UBT - Lipjan UBT - Lipjan Koleksioni i përgjithshem 09/22/2015   658.8 MAC 002-007621 09/22/2015 09/22/2015 Books
          Koleksioni i përgjithshem UBT - Lipjan UBT - Lipjan Koleksioni i përgjithshem 09/22/2015   658.8 MAC 002-007622 09/22/2015 09/22/2015 Books
          Koleksioni i përgjithshem UBT - Lipjan UBT - Lipjan Koleksioni i përgjithshem 09/22/2015   658.8 MAC 002-007623 09/22/2015 09/22/2015 Books
          Koleksioni i përgjithshem UBT - Lipjan UBT - Lipjan Koleksioni i përgjithshem 08/31/2017   070 MAC 002-2919858 08/31/2017 08/31/2017 Books
UBT Library © 2015-2024. All rights reserved University Education for Business and Technology